Todos los nominados al Balón de Oro 2024 - Estadísticas

Estadísticas generales
  • Esta prueba ha sido intentada 321 veces
  • La puntuación promedio es 20 de 30
Estadísticas de respuestas
Jugador Equipo % Correcto
Vinicius Junior Real Madrid
99%
Lautaro Martinez Inter Milan
94%
Rodri Manchester City
93%
Kylian Mbappé Paris Saint-Germain
91%
Dani Carvajal Real Madrid
89%
Erling Haaland Manchester City
88%
Jude Bellingham Real Madrid
88%
Lamine Yamal Barcelona
88%
Nico Williams Athletic Bilbao
83%
Florian Wirtz Bayer Leverkusen
78%
Emiliano Martinez Aston Villa
76%
Bukayo Saka Arsenal
73%
Toni Kroos Real Madrid
73%
Harry Kane Bayern München
70%
Ademola Lookman Atalanta
67%
Antonio Rüdiger Real Madrid
67%
Cole Palmer Chelsea
66%
Dani Olmo Leipzig
64%
Federico Valverde Real Madrid
62%
Martin Ødegaard Arsenal
62%
Phil Foden Manchester City
58%
William Saliba Arsenal
56%
Álex Grimaldo Bayer Leverkusen
55%
Rúben Días Manchester City
51%
Declan Rice Arsenal
47%
Granit Xhaka Bayer Leverkusen
47%
Vitinha Paris Saint-Germain
46%
Artem Dobvyk Girona
45%
Mats Hummels Borussia Dortmund
39%
Hakan Çalhanoglu Inter Milan
33%
No se encontraron pruebas coincidentes
Distribución de puntuación
Porcentaje de gente con cada puntuación
Porcentaje por número respondido
Historial de tus puntuaciones
No has intentado esta prueba.